Suomen tärkeimmät kauppakumppanit - Statistics

Yleistilastot
  • Tätä visaa on pelattu 1 187 kertaa
  • Keskiarvotulos 16 / 18
Vastaustilastot
Vienti Tuonti Valtio % Oikein
9,26 mrd. 12,1 mrd. Ruotsi
99%
9,94 mrd. 12,0 mrd. Saksa
98%
8,06 mrd. 4,35 mrd. Yhdysvallat
98%
4,04 mrd. 8,85 mrd. Kiina
97%
2,39 mrd. 6,68 mrd. Norja
97%
2,18 mrd. 6,46 mrd. Venäjä
96%
3,72 mrd. 3,60 mrd. Viro
95%
2,64 mrd. 2,04 mrd. Ranska
94%
1,77 mrd. Espanja
93%
2,52 mrd. 2,48 mrd. Italia
90%
2,61 mrd. 2,84 mrd. Puola
90%
1,51 mrd. 1,95 mrd. Tanska
89%
1,43 mrd. Japani
88%
3,06 mrd. 2,27 mrd. Yhdistynyt kuningaskunta
88%
6,14 mrd. 4,53 mrd. Alankomaat
80%
2,74 mrd. 1,70 mrd. Belgia
77%
1,54 mrd. Sveitsi
69%
1,11 mrd. Tšekki
61%
Ehtoja vastaavia visoja ei löytynyt
Tulosjakauma
Jokaisen tuloksen saaneiden osuus
Persentiili vastausten määrän mukaan
Tuloshistoriasi
Et ole pelannut tätä visaa